000 00685nam a22002177a 4500
003 koha_MIRAKIL
005 20241119132814.0
008 241119b tur||||| |||| 00| 0 tur d
020 _a9786254004810
040 _aTR-IsEVY
_btur
_cTR-IsEVY
041 _atur
082 _a591
_bBUĞ/K
100 _aBuğra, Mehmet
245 0 _aKartallar /
_cMehmet Buğra ; resimleyen Şükrü Behçet Ersan.
260 _aİstanbul :
_bDoruk Yayınları - Talas Çocuk,
_c2020.
300 _a24 s. :
_brenkli resimli ;
_c20X24 cm.
490 0 _aHayvanlar Alemi Serisi ;
_v9.
650 _aDoğa.
_vHayvanlar.
_vKartallar.
700 1 _aErsan, Şükrü Behçet.
_cresimleyen.
942 _2ddc
_cBK
999 _c21068
_d21068